LEADER 00834nam0-22002771i-450- 001 990006688270403321 005 20001010 035 $a000668827 035 $aFED01000668827 035 $a(Aleph)000668827FED01 035 $a000668827 100 $a20001010d--------km-y0itay50------ba 101 0 $aita 105 $ay-------001yy 200 1 $aItalian culture in the industrial era$e1880-1980 cultural industries, politics and the public$fDavid Forgacs 210 $aManchester-New York$cManchester University Press$dc. 1990 215 $a231 p., 21 cm 700 1$aForgacs,$bDavid$0134302 801 0$aIT$bUNINA$gRICA$2UNIMARC 901 $aBK 912 $a990006688270403321 952 $aXI A 2050$b13773$fFSPBC 959 $aFSPBC 996 $aItalian culture in the industrial era$9616924 997 $aUNINA DB $aGEN01 LEADER 01304nam--2200385---450- 001 990003191650203316 005 20090130124704.0 010 $a978-92-896-0519-9 035 $a000319165 035 $aUSA01000319165 035 $a(ALEPH)000319165USA01 035 $a000319165 100 $a20090129d2008----km-y0itay0103----ba 101 $aeng 102 $aLU 105 $a||||||||001yy 200 1 $aCareer development at work$ea review of career guidance to support people in employment$fCEDEFOP 210 $aLuxembourg$cOffice for official publications of the European Communities$d2008 215 $a135 p.$cill.$d30 cm 225 2 $aCEDEFOP Panorama series$v151 410 1$12001$aCEDEFOP Panorama series$v151 606 0 $aLavoro$2BNCF 606 0 $aAttivitą professionale$xPaesi della Comunitą europea$2BNCF 676 $a373.246 699 $a13.09$bVita professionale 710 02$aCENTRO EUROPEO PER LO SVILUPPO DELLA FORMAZIONE PROFESSIONALE$0432674 801 0$aIT$bsalbc$gISBD 912 $a990003191650203316 951 $aCDE 13.09 (XVI)$bCDE 2085$cCDE 13.09$d00148222 959 $aBK 969 $aCDE 979 $aMARIAS$b90$c20090129$lUSA01$h1212 979 $aMARIAS$b90$c20090130$lUSA01$h1247 996 $aCareer development at work$91016006 997 $aUNISA